000
00301nam a22001217a 4500
020
_a
0824783220
082
_a
670.427 CHO
100
_a
CHOW, WE-MIN
_9
67639
245
_a
ASSEMBLY LINE DESIGN, METHODOLOGY AND APPLICATIONS
260
_a
NEW YORK
_b
MARCEL DEKKER
_c
1990
300
_a
430P
942
_c
BK
999
_c
575369
_d
575369